Proceedings of the workshop metrology and statistics in accreditation and certification

Bibliographic Details
Other Authors: Chudý, Vladimír, 1940- (Editor), Halaj, Martin, 1966- (Editor), Palenčár, Rudolf, 1949-
Format: Book
Language:English
PhysicalDescription:132 s. sch., tab. 25 cm
Published: Bratislava Grafické štúdio - Peter Juriga [1999]
ISBN:8096755862
Subjects:

MARC

LEADER 00000cam a2200000 a 4500
001 vtls001387404
003 SK-MaSNL
005 20260301161525.0
008 250414s1999 xo a fr 10000 eng
015 |a SNBA2000/08-02833 
020 |a 8096755862 
035 |a SNK000341595 
035 |a urn:nbn:sk:snk-amjrfn 
035 |a urn:nbn:sk:snk:ar-008wda 
035 |a a7ca87f8-fad9-4a6a-9e9c-fe0179ee90c3 
040 |a SNK  |b slo  |c SNK  |e AACR2 
041 0 |a eng 
044 |a xo  |c SK 
080 |a 006.7(082)=20  |2 1981 
080 |a 389(082)=20  |2 1981 
080 |a 658.562.2(082)=20  |2 1981 
245 0 0 |a Proceedings of the workshop metrology and statistics in accreditation and certification  |c edited by Vladimír Chudý, Martin Halaj 
260 |a Bratislava  |b Grafické štúdio - Peter Juriga  |c [1999] 
300 |a 132 s.  |b sch., tab.  |c 25 cm 
504 |a Bibliogr. odkazy 
650 0 7 |a akreditácia  |2 SNKPH  |9 4426 
650 0 7 |a certifikácia  |2 SNKPH  |9 4427 
650 0 7 |a metrológia  |2 SNKPH  |9 940 
650 0 7 |a štatistika  |2 SNKPH  |9 778 
655 7 |a zborníky  |2 SNKPH  |9 70165 
655 7 |a issue_zb  |2 SNK  |9 276493 
700 1 |a Chudý, Vladimír,  |d 1940-  |4 edt  |9 213493 
700 1 |a Halaj, Martin,  |d 1966-  |4 edt  |9 210164 
700 1 2 |a Palenčár, Rudolf,  |d 1949-  |t Report on review of EU standards  |9 524664 
700 1 2 |a Halaj, Martin,  |d 1966-  |t Report on review of EU standards  |9 524665 
852 |a Slovenská národná knižnica 
919 |a 80-967558-6-2 
954 |a odborná, vedecká literatúra pôvodná (slovenská)  |2 lita 
954 |a odborná, vedecká literatúra cudzojazyčná (svetová)  |2 lita 
958 |a ART 
958 |a TL 
958 |a NB 
958 |a OND 
999 |c 809806  |d 811736 
952 |t P60, <09>, [BOOK], {629}  |a SNK  |b SNK  |y NEVYP  |7 0  |o snkC 290  |i snk589/20000427  |0 0  |1 0  |4 0  |d 2000-04-26  |l 0  |r 2005-01-02 00:00:00  |w 2026-02-24 
952 |t P60, <04>, [BOOK], {604}  |a SNK  |b SNK  |y VYP  |7 0  |p 17A0236489  |o snkSC 101409 D1  |i snkKSP 4269/2000  |0 0  |1 0  |4 0  |d 2000-04-26  |l 0  |r 2005-01-02 00:00:00  |w 2026-02-24 
952 |t P60, <03>, [BOOK], {603}  |a SNK  |b SNK  |y PREZ  |7 0  |p 17A0236488  |o snkSC 101409  |i snkKSP 4268/2000  |0 0  |1 0  |4 0  |d 2000-04-26  |l 0  |r 2025-09-23 00:00:00  |w 2026-02-24